[Event "World Team-ch Women 2017"]
[Site "Khanty-Mansyisk"]
[Date "2017.06.19"]
[Round "3"]
[White "Karavade, Eesha"]
[Black "Osmak, Iulija"]
[Result "1/2-1/2"]
[WhiteElo "2388"]
[BlackElo "2350"]
[Annotator "TA"]
[PlyCount "100"]
[EventDate "2017.??.??"]
[EventType "team-tourn"]
[EventCountry "RUS"]
[SourceTitle "playchess.com"]
[Source "ChessBase"]
[SourceQuality "1"]
[WhiteTeam "IND"]
[BlackTeam "UKR"]
[WhiteTeamCountry "IND"]
[BlackTeamCountry "UKR"]

{[%evp 9,100,-4,14,7,17,1,3,-4,0,-15,6,-19,-20,-20,-13,-16,-29,-26,-23,-31,-29,-29,-29,-33,-20,-23,-25,-34,-31,-58,-47,-71,-47,-106,-80,-119,-114,-143,-109,-119,-53,-54,-19,-41,-20,-20,-20,-20,-26,-28,-27,-33,-23,-73,-65,-73,-73,-73,-73,-73,-73,-73,-73,-89,-89,-95,-95,-95,-52,-59,-8,-36,-36,-36,-36,-73,-73,-73,-73,-73,-73,-73,-73,-73,-73,-73,-73,-73,-73,-73,0,-73,0]} 1. d4 d5 2. Bf4 Nf6 3. e3 c5 4. c3 Nc6 5. Nd2 Bg4 (5... e6 6. Ngf3 Bd6 7. Bg3 O-O 8. Bb5 a6 9. Bxc6 bxc6 10. Qa4 Rb8 11. Qa3 Bxg3 12. hxg3 cxd4 13. cxd4 a5 14. O-O Qb6 15. b3 Ba6 {1-0 (24) Carlsen,M (2840)-Anand,V (2779) Doha 2016}) 6. Qb3 {D00: 1 d4 d5: Unusual lines} Qc8 7. dxc5 e6 8. Ngf3 {The position is equal.} Bxc5 $146 ({Predecessor:} 8... Nd7 9. Be2 Nxc5 10. Qd1 Be7 11. O-O O-O 12. b4 Bxf3 13. Bxf3 {½-½ (37) Yurtseven,M (2208)-Csonka,B (2412) Durban 2014}) 9. Ne5 (9. h3 $5 {[%cal Rh3g4]} Bf5 10. Nd4 $11) 9... Bf5 (9... Bh5 {seems wilder.} 10. Qa4 O-O 11. Nxc6 bxc6 12. Nb3 Bb6) 10. Bd3 (10. Qa4 {looks sharper.} O-O 11. Nxc6 bxc6 12. Nb3 Bb6 13. Nd4) 10... Bxd3 11. Nxd3 Be7 12. h3 O-O 13. O-O b6 14. Qa4 Qb7 15. Rac1 b5 16. Qd1 Na5 17. Qe2 Nc4 18. Nf3 Rfc8 {[%cal Bf8c8,Bc8c6,Bc6b6][%mdl 32]} 19. Nde5 Ne4 20. Rfd1 a5 21. Rc2 (21. Nd4 $15) 21... a4 22. Nxc4 bxc4 23. Rb1 Rc6 24. Nd2 Nxd2 (24... Nc5 $17 25. e4 Nd3) 25. Rxd2 Bf6 {White must now prevent ...Bxc3!} 26. Rc1 Rb6 27. e4 a3 28. bxa3 Rb1 ({Much weaker is} 28... Rxa3 $6 29. exd5 Rxc3 30. Rxc3 $16) 29. Rdc2 Rxc1+ ({Much worse is} 29... Rxa3 $6 30. exd5 g5 31. Qg4 $14) 30. Rxc1 Rxa3 31. exd5 Qxd5 32. Rd1 {[#]} Rxa2 $1 {[%mdl 512]} 33. Rxd5 (33. Qxa2 Qxd1+) 33... Rxe2 $17 {[%mdl 4096] Endgame KRB-KRB} 34. Rc5 {Rc8+ would kill now.} h6 35. Rxc4 {[#]} Rc2 $1 36. Kf1 Rxc3 37. Rxc3 Bxc3 {KB-KB} 38. Be3 e5 {[%cal Be6e5,Be5e4][%mdl 32]} 39. Ke2 f5 ({Black should try} 39... f6 $15) 40. Kd3 Ba1 41. g4 e4+ 42. Ke2 Kf7 43. gxf5 Kf6 44. f3 Kxf5 45. Kf2 h5 46. fxe4+ Kxe4 47. Bd2 Be5 48. Kg2 Bf4 49. Bc3 Be5 50. Bd2 $1 Bf4 {Precision: White = 48%, Black = 66%.} ({Black should play} 50... g6 $17 51. Bb4 Ke3 52. Bc5+ Bd4) 1/2-1/2

[Event "World Team-ch Women 2017"]
[Site "Khanty-Mansyisk"]
[Date "2017.06.19"]
[Round "3"]
[White "Kulon, Klaudia"]
[Black "Yu, Jennifer R"]
[Result "1-0"]
[WhiteElo "2381"]
[BlackElo "2319"]
[Annotator "TA"]
[PlyCount "93"]
[EventDate "2017.??.??"]
[EventType "team-tourn"]
[EventCountry "RUS"]
[SourceTitle "playchess.com"]
[Source "ChessBase"]
[SourceQuality "1"]
[WhiteTeam "POL"]
[BlackTeam "USA"]
[WhiteTeamCountry "POL"]
[BlackTeamCountry "USA"]

{[%evp 23,93,20,40,36,27,37,77,0,1,4,84,79,135,95,100,11,48,63,66,0,0,0,0,0,108,95,110,98,107,73,133,137,147,160,393,393,473,286,288,284,1977,429,509,509,494,483,462,440,1810,1830,1581,1459,1195,1023,12838,12839,12839,12839,12841,12841,12841,12842,12842,12843,12843,12843,12844,12844,12845,12845,12845,12846]} 1. e4 c5 2. Nf3 d6 3. d4 cxd4 4. Nxd4 Nf6 5. Nc3 a6 6. Be3 e5 7. Nb3 Be6 8. f3 Nbd7 9. g4 b5 10. g5 b4 11. Ne2 Nh5 12. Qd2 a5 13. Ng3 {B90: Sicilian Najdorf: Unusual White 6th moves, 6 Be3 Ng4 and 6 Be3 e5} Nxg3 14. hxg3 Qc7 (14... a4 15. Nc1 Qa5 16. f4 g6 17. Nd3 Bg7 18. f5 gxf5 19. exf5 Bxf5 20. Nxb4 a3 {1-0 (44) Karjakin,S (2732)-Efimenko,Z (2660) Dagomys 2008}) 15. Bb5 (15. a3 $16) 15... a4 $11 16. Nc1 a3 $146 (16... Ra5 $11 17. Bxd7+ (17. Qxb4 d5 $15) 17... Bxd7) ({Predecessor:} 16... Qb7 17. Bxd7+ Bxd7 18. Nd3 Rb8 19. b3 f5 20. gxf6 gxf6 21. bxa4 {½-½ (31) Tiemann,H (2416)-Fleetwood,D (2487) ICCF corr 1999}) 17. b3 $16 Qa5 ({Black should try} 17... Ra5 18. Bxd7+ Bxd7) 18. Ba4 $36 {[%mdl 2048] White is on the roll.} d5 {[#]} 19. Nd3 ({Better is} 19. exd5 $1 $16 Qxd5 20. Qxd5 Bxd5 21. O-O) 19... dxe4 20. fxe4 O-O-O 21. c3 ({White should play} 21. Qf2 $14) 21... Nc5 $11 22. Bxc5 bxc3 23. Qe3 {aiming for 0-0-0.} Rxd3 (23... c2+ $1 $11 {keeps the balance.} 24. Kf1 Qc3 25. Bxf8 Qxa1+ 26. Kf2 (26. Kg2 $2 Qd4 $19) 26... Qc3) 24. Qxd3 $16 Bxc5 25. O-O-O Bd4 26. Kc2 Qa8 (26... Qb6 $142) 27. Bb5 Kb8 28. Rh4 f5 $2 (28... Qb7 $16 29. Ba6 Qe7 30. Qb5+ Ka7) 29. gxf6 $1 $18 gxf6 30. Bc4 Bxc4 31. Qxc4 f5 $2 (31... Qb7 32. Qe6 Rd8 33. Qxf6 Rd7 34. Qf8+ Kc7) 32. Re1 (32. Rxd4 $142 exd4 33. Qb5+ Qb7 34. Qe5+ Ka7 35. Qxh8 d3+ 36. Kxd3 Qb5+ 37. Kxc3 Qc5+ 38. Kd3 fxe4+ 39. Rxe4 Qd6+ 40. Qd4+ Qxd4+ 41. Kxd4) 32... fxe4 {[#]} 33. Rxh7 $1 {[%mdl 512]} Rxh7 34. Qg8+ Kb7 {( -> ...Rh2+)} 35. Qxh7+ {[%mdl 4096] Endgame KQR-KQB} Kb6 (35... Ka6 $142 36. Rxe4 Kb6 37. Qg6+ Kc5) 36. Rh1 Be3 37. Qf7 Qc6 38. Rh7 Ka6 39. Rg7 Bb6 40. Rg6 Qb5 41. Qc4 Qxc4 42. bxc4 {Intending c5 and mate.} Ka5 {[#]} 43. Rxb6 $1 {[%mdl 512]} Kxb6 44. Kxc3 {K3P-K3P} Kc5 45. g4 {[%cal Bg3g4,Bg4g5][%mdl 32]} e3 {[#]} 46. g5 $1 {[%cal Rg5g6]} e2 47. Kd2 {Precision: White = 71%, Black = 29%.} 1-0

[Event "World Team-ch Women 2017"]
[Site "Khanty-Mansyisk"]
[Date "2017.06.19"]
[Round "3"]
[White "Hoang, Thi Bao Tram"]
[Black "Tan, Zhongyi"]
[Result "1-0"]
[WhiteElo "2380"]
[BlackElo "2517"]
[Annotator "TA"]
[PlyCount "112"]
[EventDate "2017.??.??"]
[EventType "team-tourn"]
[EventCountry "RUS"]
[SourceTitle "playchess.com"]
[Source "ChessBase"]
[SourceQuality "1"]
[WhiteTeam "VIE"]
[BlackTeam "CHN"]
[WhiteTeamCountry "VIE"]
[BlackTeamCountry "CHN"]

{[%evp 17,112,0,10,-10,17,-20,-19,-18,-20,-17,-15,-39,-12,-22,-11,-17,-7,-22,-9,-24,-14,-22,-19,-30,-12,-10,-15,-34,-27,-24,-13,-8,0,-21,0,-8,0,0,0,-14,0,0,0,0,0,0,20,8,27,13,36,18,24,34,39,28,109,0,0,0,0,0,0,0,389,380,312,308,306,306,314,314,6178,6170,5552,5416,29958,29958,29958,29957,4133,2045,1752,1712,29957,156,217,147,149,59,29967,29968,29974,29975,29975,29976,29975]} 1. d4 Nf6 2. Nf3 e6 3. e3 b6 4. c4 Bb7 5. Bd3 d5 6. O-O Bd6 7. b3 O-O 8. Bb2 Nbd7 9. Ne5 c5 {LiveBook: 16 Games. E14: Queen's Indian: Classical Variation (4 e3)} (9... Qe7 10. a3 c5 11. f4 cxd4 12. exd4 Ne4 13. Nc3 Nxc3 14. Bxc3 Rfd8 15. Qe1 Nf8 16. f5 exf5 17. Bxf5 Bxe5 18. Qxe5 Qxe5 19. dxe5 dxc4 20. bxc4 {½-½ (54) Stefanova,A (2576)-Parligras,M (2633) Kozloduy 2012}) 10. f4 Ne4 11. Nc3 $146 ({Predecessor:} 11. Nxd7 Qxd7 12. Bxe4 dxe4 13. dxc5 bxc5 {1-0 (53) Piankov,E (2269)-Tuma,J (2141) Policka 2015}) 11... cxd4 {The position is equal.} 12. exd4 f6 {[%cal Bf7f6,Bf6f5][%mdl 32]} 13. Ng4 f5 {And now ...Nxc3 would win.} 14. Ne5 Nxc3 15. Bxc3 Nf6 16. Qe2 Rc8 17. Rac1 Qe7 18. Bd2 Rfd8 19. Be3 dxc4 20. bxc4 Be4 (20... Bxe5 $5 21. fxe5 Ng4 $11) 21. Bxe4 Nxe4 22. Rfd1 {[%cal Bf1d1,Bd1d2,Bd2b2][%mdl 32]} Bxe5 23. fxe5 b5 24. c5 b4 25. Qa6 Nc3 26. Rd2 Rb8 27. Rb2 Nd5 28. Bf2 Re8 29. a3 bxa3 30. Qxa3 Rxb2 31. Qxb2 Qc7 32. Qb5 {[%cal Rb5e8]} Rc8 33. Ra1 Rb8 34. Qa6 Kf7 35. h3 Rb7 36. Qd6 Qc8 (36... Qe7 $11 {keeps the balance.}) 37. Bh4 (37. c6 $16 Rc7 38. Rc1) 37... Nb4 $11 {White must now prevent ...Rd7.} 38. d5 Nxd5 {Strongly threatening ...Rd7.} 39. c6 $1 {[%cal Rc6b7]} Rc7 40. Rc1 $36 {[%mdl 2048] Hoping for Bd8. White is more active.} Nb6 $2 {[%mdl 8192]} (40... Ke8 $1 $11) 41. Kh2 $1 $18 ({Worse is} 41. Bd8 Rd7 $11) 41... Ke8 42. Rd1 Nd5 43. Rxd5 $1 exd5 44. Qxd5 {[%cal Rd5g8][%mdl 4096] Endgame KQR-KQB} Kf8 $2 (44... Rf7 45. Kg1 h6) 45. e6 h6 46. Qd6+ Ke8 {[#]} 47. Qd7+ $1 {[%mdl 512]} Rxd7 48. exd7+ Qxd7 49. cxd7+ Kxd7 {KB-KP} 50. Bf2 a5 51. Kg3 $2 (51. Bd4 {mates} g5 52. Bg7 h5 53. Bf6 g4 54. hxg4 fxg4 55. Kg3 Ke6 56. Bb2) 51... Ke6 (51... g5 $16 52. Bc5 Ke8) 52. Bd4 g5 {[#]} 53. Kf3 (53. h4 $1 $16) 53... h5 $2 {[%mdl 8192] [#]} (53... Kf7 $14) 54. h4 $1 {White mates.} gxh4 55. Kf4 a4 56. Bb2 Kd5 {Precision: White = 48%, Black = 32%.} 1-0

[Event "World Team-ch Women 2017"]
[Site "Khanty-Mansyisk"]
[Date "2017.06.19"]
[Round "3"]
[White "Mammadzada, Gunay"]
[Black "Gunina, Valentina"]
[Result "1-0"]
[WhiteElo "2368"]
[BlackElo "2504"]
[Annotator "TA"]
[PlyCount "111"]
[EventDate "2017.??.??"]
[EventType "team-tourn"]
[EventCountry "RUS"]
[SourceTitle "playchess.com"]
[Source "ChessBase"]
[SourceQuality "1"]
[WhiteTeam "AZE"]
[BlackTeam "RUS"]
[WhiteTeamCountry "AZE"]
[BlackTeamCountry "RUS"]

{[%evp 30,111,29,7,17,11,0,2,13,7,13,17,45,20,42,36,110,109,110,87,125,130,241,256,270,252,322,327,331,342,372,0,103,0,380,84,93,84,74,22,217,222,328,328,334,333,571,494,502,481,581,569,552,556,697,695,743,717,900,872,1339,1149,5089,4802,4133,2077,29975,29976,29975,29975,29972,29973,12827,5543,29978,29979,29980,29981,29984,29985,29985,29986,29987,29988]} 1. e4 c6 2. d4 d5 3. Nc3 dxe4 4. Nxe4 Bf5 5. Ng3 Bg6 6. h4 {[%cal Bh2h4,Bh4h5][%mdl 32]} h6 7. Nf3 Nd7 8. h5 Bh7 9. Bd3 Bxd3 10. Qxd3 e6 11. Bd2 Ngf6 12. O-O-O Bd6 13. Qe2 Qc7 14. Nf5 Bf8 15. c4 O-O-O 16. Ng3 (16. Ne3 {with more complications.} c5 17. Nc2 cxd4 18. Ncxd4 a6 19. Kb1) 16... Bd6 {B19: Classical Caro-Kann: 4...Bf5 main line} 17. Ne4 Nxe4 18. Qxe4 c5 {The position is equal.} 19. Bc3 Rhe8 (19... cxd4 20. Qxd4 Nb6 21. Kb1 f6 22. Qg4 Kb8 23. b3 e5 24. Nh4 {0-1 (53) Shlakich,A (2225)-Fominykh,M (2316) St Petersburg 2007}) 20. Kb1 Kb8 $146 ({Predecessor:} 20... Nf6 21. Qe2 Kb8 22. Ne5 Ka8 23. f4 cxd4 24. Bxd4 Qe7 25. g4 Nd7 26. Nd3 f6 27. Qe3 e5 28. fxe5 Nxe5 29. Nxe5 Bxe5 30. Bxa7 Qb4 31. Rxd8+ Rxd8 32. Qb6 Qd2 33. Rc1 Bf4 {0-1 (32) Humphreys,J (2132)-Hillman,J (2006) Swansea 2006}) 21. g3 a6 22. Ne5 $36 {[%mdl 2048] White has some pressure.} Nb6 (22... Bxe5 $14 23. dxe5 b5) 23. dxc5 Bxc5 24. Nd3 Na4 25. Bxg7 Ka8 (25... Bf8 $16 26. Be5 Bd6) 26. Nxc5 $18 (26. Bxh6 Qb6 $17) 26... Qxc5 27. Qc2 (27. Bxh6 Nxb2 28. Rxd8+ (28. Kxb2 Qb4+ 29. Kc1 Qa3+ 30. Kc2 Qa4+ 31. Kc1 Qa3+ 32. Kb1 Qb4+ 33. Kc2 Qa4+ 34. Kc1 Qa3+ $11) 28... Rxd8 $14) 27... Nb6 28. Rc1 ({Weaker is} 28. Bxh6 Rxd1+ 29. Qxd1 Nxc4 $16) 28... Qg5 29. Qh7 Qc5 30. Qc2 $2 {[#]} (30. Qxh6 $18 {And now Qf4 would win.} Qxf2 31. Qf4) 30... Qg5 $16 31. Qh7 $2 {[%mdl 8192]} (31. Qc3 $16) 31... Qc5 $1 $18 32. Rh4 $2 (32. Qxh6 $18 {has better winning chances. Hoping for Qf4.} Qxf2 33. Qf4) 32... Qxf2 $16 33. Rf4 ({Don't capture} 33. Bxh6 $2 Rh8 $19) ({Reject} 33. Qxh6 $6 Qxg3 34. Bf6 Rc8 $14) 33... Qe2 {[#] ...f5 is the strong threat.} 34. Rxf7 (34. Qe4 $1 $16 {[%cal Re4e2]} Qxh5 35. g4) 34... Rd1 $2 (34... e5 $11 {and Black has nothing to worry.} 35. Qc2 Rd2) 35. Bxh6 $18 Red8 (35... Qxh5 {was necessary.} 36. Rxb7 Rxc1+ 37. Bxc1 Qxh7+ 38. Rxh7 Nxc4) 36. Rxb7 {Intending Ra7+ and mate.} Nd7 37. Rb4 Rc8 $2 (37... Nc5 {was called for.} 38. Qc7 Qd3+ 39. Ka1 Qd6 40. Qxd6 R1xd6) 38. Qc2 Qxc2+ 39. Kxc2 Rd4 40. Bg7 Rg4 41. h6 a5 42. Rb3 Nc5 43. Rf3 Ne4 44. Rf4 Rxc4+ 45. Kd1 Rxf4 46. gxf4 {[%mdl 4096] Endgame KRB-KRN} Nf2+ 47. Kd2 Ne4+ 48. Kd3 Rxc1 49. Kxe4 {KR-KB} Re1+ 50. Kd4 Rh1 51. Ke5 Kb7 52. Kxe6 {White mates.} Kc7 53. f5 {[%cal Bf4f5,Bf5f6][%mdl 32]} Kd8 54. f6 Re1+ 55. Kf7 Rh1 56. Kg8 {Precision: White = 70%, Black = 19%.} 1-0

[Event "World Team-ch Women 2017"]
[Site "Khanty-Mansyisk"]
[Date "2017.06.19"]
[Round "3"]
[White "Buksa, Nataliya"]
[Black "Padmini, Rout"]
[Result "1/2-1/2"]
[WhiteElo "2344"]
[BlackElo "2375"]
[Annotator "TA"]
[PlyCount "94"]
[EventDate "2017.??.??"]
[EventType "team-tourn"]
[EventCountry "RUS"]
[SourceTitle "playchess.com"]
[Source "ChessBase"]
[SourceQuality "1"]
[WhiteTeam "UKR"]
[BlackTeam "IND"]
[WhiteTeamCountry "UKR"]
[BlackTeamCountry "IND"]

{[%evp 9,94,33,30,28,39,18,34,-6,4,-1,20,12,9,21,23,-16,-20,-25,22,25,32,-3,0,0,0,0,0,-18,-29,-13,-13,-23,0,0,0,0,0,0,0,0,0,0,0,0,0,-1,0,0,19,0,0,0,9,4,1,0,0,0,0,0,0,0,0,0,6,2,6,0,0,0,0,0,0,0,0,0,0,0,0,0,0,-7,-7,-7,-7,-7,52]} 1. e4 e5 2. Nf3 Nc6 3. Bb5 Nf6 4. Qe2 d6 5. c3 Be7 6. O-O {C65: Ruy Lopez: Berlin Defence (3...Nf6), unusual lines and 4 0-0 Bc5} O-O 7. Rd1 Re8 8. d3 {White is slightly better.} Bf8 9. Nbd2 g6 $146 (9... a6 $5 {[%cal Ra6b5]} 10. Bxc6 bxc6 $11) ({Predecessor:} 9... Bd7 10. a3 g6 11. Bc4 Bg7 12. Nf1 Be6 13. Bxe6 Rxe6 {1-0 (49) Mamedov,R (2650)-Sychev,K (2415) Minsk 2015}) 10. Nf1 Bg7 11. Ng3 Bd7 12. a3 a6 13. Bc4 Be6 14. Bxe6 Rxe6 15. c4 a5 16. b3 Nd7 {[%cal Bf6d7,Bd7c5,Bc5e6,Be6f4][%mdl 32]} 17. Rb1 Re8 18. h4 Nc5 19. h5 Ne6 20. Be3 Nf4 21. Qd2 {The position is equal.} Qf6 22. d4 Nh3+ 23. Kf1 Nxd4 24. Nxd4 exd4 25. Bxd4 Qxd4 26. Qxd4 Bxd4 27. Rxd4 Ng5 28. f3 Kg7 (28... Ne6 $5 {[%cal Re6d4]} 29. Rd2 Nf4 $11) 29. Kf2 Ne6 30. Rd2 Nc5 31. Nf1 Reb8 32. b4 axb4 33. axb4 Ne6 34. hxg6 hxg6 35. Ne3 b5 36. Rc1 bxc4 37. Rxc4 Ra4 38. Nd5 c5 {[%cal Rc5b4]} 39. Rb2 Nd4 40. Rc1 Nc6 {[%cal Rc6b4]} 41. b5 Nb4 {[#] Hoping for ...Nd3+.} 42. Nxb4 cxb4 $11 {KRR-KRR} 43. Rd1 Rxb5 44. Rxd6 b3 45. Rdd2 Kf6 46. Ke3 Ke6 47. Rd3 Ke5 {Precision: White = 65%, Black = 62%.} ({Black should try} 47... Rab4 $11) 1/2-1/2

[Event "World Team-ch Women 2017"]
[Site "Khanty-Mansyisk"]
[Date "2017.06.19"]
[Round "3"]
[White "Fataliyeva, Ulviyya"]
[Black "Girya, Olga"]
[Result "0-1"]
[WhiteElo "2341"]
[BlackElo "2480"]
[Annotator "TA"]
[PlyCount "126"]
[EventDate "2017.??.??"]
[EventType "team-tourn"]
[EventCountry "RUS"]
[SourceTitle "playchess.com"]
[Source "ChessBase"]
[SourceQuality "1"]
[WhiteTeam "AZE"]
[BlackTeam "RUS"]
[WhiteTeamCountry "AZE"]
[BlackTeamCountry "RUS"]

{[%evp 22,126,-17,-18,0,-39,-21,-52,-39,-50,-24,-66,-66,-60,-58,-59,-59,-55,-66,-62,-52,-48,-50,-53,-41,-58,-56,-52,-23,-39,-18,-104,-72,-68,-67,-166,-67,-551,-94,-108,-116,-103,-113,-108,-80,-112,-83,-119,-58,-81,-76,-75,-65,-67,-45,-46,-43,-64,-67,-61,-69,-47,0,-67,0,-76,-51,-248,-191,-202,-93,-204,-204,-204,-204,-479,-479,-479,-479,-29940,-479,-29957,-29961,-29968,-29970,-29970,-29970,-29962,0,-29965,-12841,-12216,-479,-1656,-479,-29944,-29961,-29939,-29942,-29946,-479,-452,-302,-6789,-6187,-29989,-1303]} 1. e4 c6 2. d4 d5 3. Nc3 dxe4 4. Nxe4 Bf5 5. Ng3 Bg6 6. h4 h6 7. Nh3 e6 8. Nf4 Bh7 9. Bc4 Nf6 10. O-O Bd6 11. Re1 O-O 12. c3 {LiveBook: 21 Games. B18: Classical Caro-Kann: 4...Bf5 sidelines} Kh8 13. Bd2 $146 ({Predecessor:} 13. Nfh5 Nbd7 14. Bf4 Be7 15. Nxf6 Nxf6 16. Qf3 Ng8 17. h5 Nf6 18. Be5 Nd5 19. Ne4 Nf6 20. Bd3 Nxe4 21. Bxe4 Bf6 22. Rad1 Qe7 23. Rd3 Rad8 24. Bxh7 Kxh7 25. Qe4+ Kh8 26. Red1 {½-½ (26) Reinaldo Castineira,R (2412)-Pogorelov,R (2488) Mondariz 2002}) 13... Nbd7 14. Nfh5 {The position is equal.} Nxh5 15. Qxh5 b5 {And now ...Nf6 would win.} 16. Bb3 a5 17. Rac1 c5 18. Bc2 Bxc2 19. Rxc2 Nf6 20. Qf3 Bxg3 21. Qxg3 cxd4 22. cxd4 b4 23. Qe5 Ng4 24. Qf4 Qxh4 {...g5 is the strong threat.} 25. Re4 $1 Qd8 26. Qf3 (26. Qxg4 $11 f5 27. Qh3 fxe4 28. Bxh6 $1 {[%mdl 512]} gxh6 29. Qxh6+ Kg8 30. Qg6+ Kh8 31. Qh6+ Kg8 32. Qg6+ Kh8 33. Qh6+) 26... f5 27. Rxe6 Qxd4 28. Bf4 ({White should try} 28. Qf4 $15 Qd5 29. Qc4 Qxc4 30. Rxc4) 28... Rac8 (28... Rae8 $19 29. Rxe8 Rxe8) 29. Rd6 $2 {[%mdl 8192] [#]} ({Only move:} 29. Rce2 $1 $15) 29... Qa7 $2 (29... Qxd6 $1 $19 {has better winning chances.} 30. Rxc8 Rxc8 31. Qxg4 {[#]} Rc1+ $1 {[%mdl 512]} 32. Kh2 fxg4 33. Bxd6 Rc2) 30. Qd1 Rxc2 31. Qxc2 Re8 {[%cal Re8e1]} 32. Rd1 Qf7 33. b3 Qe6 {( -> ...Qe1+!)} 34. Qd3 {[#]} a4 $1 {[%mdl 512]} 35. Kf1 (35. bxa4 Qxa2) 35... axb3 36. axb3 Qb6 {[%csl Gg4][%cal Rb6f2]} 37. Qd4 Qa6+ 38. Qd3 Qe6 39. Bg3 Qf7 $40 {[%mdl 128] Black has some attack.} 40. Bf4 Re4 41. Bg3 Re8 {Hoping for ...f4.} 42. Bf4 Re4 43. Bg3 Kh7 44. f3 $2 (44. Re1 $15) 44... Re3 45. Qb5 Rxb3 (45... f4 $19 {is more deadly.} 46. Qxb4 Qh5) 46. fxg4 (46. Bf4 $17 {only move.}) 46... fxg4+ $19 {[%cal Bf5g4,Bg4g3][%mdl 32]} 47. Kg1 Rxg3 {[%mdl 4096] Endgame KQR-KQR} 48. Rf1 $2 (48. Qxb4 h5 49. Qd4) 48... Qg6 {aiming for ...Rb3.} 49. Qxb4 Rd3 50. Qf4 (50. Qe1 $19 g3 51. Qb1) 50... g3 51. Re1 (51. Qb4 $19 Rd6 52. Rc1) 51... Rb3 52. Rf1 Rb1 53. Qf3 Qb6+ 54. Kh1 Qg6 55. Kg1 $1 Rb4 (55... Qc2 $142 56. Qxg3 Qc5+ 57. Qf2 Qxf2+ 58. Kxf2 Rxf1+ 59. Kxf1 Kg6 60. Ke2 h5 61. Kf1 Kg5 62. Ke2 Kg4 63. Kf2 h4 64. Kg1 Kg3 65. Kf1 g5 66. Ke2 Kxg2 67. Ke3 h3 68. Ke4 g4 69. Kf4 g3 70. Kf5 Kf2 71. Ke5 Kf3 72. Kd4 h2 73. Kc5 g2 74. Kb4 g1=Q 75. Kc4 h1=Q 76. Kd5 Qb6 77. Kc4 Qc1+ 78. Kd5 Qcc5#) 56. Re1 Rh4 (56... h5 $142 57. Rd1 Rb1) 57. Qe3 (57. Qb3 $142 Rg4 58. Re3) 57... Rg4 (57... Qd6 $142 58. Rb1 h5) 58. Qf3 (58. Qb3 $19 h5 59. Qb5) 58... Qb6+ 59. Kf1 Qb5+ 60. Re2 Qc4 (60... Rh4 $142 61. Qxg3 Re4 62. Qe1 Rxe2 63. Qxe2 Qxe2+ 64. Kxe2 Kg6 65. Kf2 Kg5 66. Kg3 h5 67. Kh3 h4 68. g3 hxg3 69. Kxg3 g6 70. Kf3 Kh4 71. Kg2 Kg4 72. Kf2 Kh3 73. Ke1 g5 74. Ke2 g4 75. Ke3 g3 76. Kd4 g2 77. Kc4 g1=Q 78. Kb5 Kg4 79. Kc4 Qb6 80. Kd5 Qb5+ 81. Ke4 Qc5 82. Kd3 Kf3 83. Kd2 Qc4 84. Kd1 Ke3 85. Ke1 Qe2#) 61. Qf5+ Rg6 62. Qb1 $2 (62. Qe4 Qxe4 63. Rxe4) 62... Qh4 {[%cal Rh4h1]} 63. Re6 Qh1+ {Precision: White = 29%, Black = 45%.} 0-1

[Event "World Team-ch Women 2017"]
[Site "Khanty-Mansyisk"]
[Date "2017.06.19"]
[Round "3"]
[White "Foisor, Sabina-Francesca"]
[Black "Szczepkowska, Karina"]
[Result "1-0"]
[WhiteElo "2331"]
[BlackElo "2414"]
[Annotator "TA"]
[PlyCount "143"]
[EventDate "2017.??.??"]
[EventType "team-tourn"]
[EventCountry "RUS"]
[SourceTitle "playchess.com"]
[Source "ChessBase"]
[SourceQuality "1"]
[WhiteTeam "USA"]
[BlackTeam "POL"]
[WhiteTeamCountry "USA"]
[BlackTeamCountry "POL"]

{[%evp 9,143,-2,0,-3,-7,0,9,-8,-10,-22,-25,-35,-41,-38,-41,-63,-18,-60,-34,-45,0,-52,-48,-53,-47,-57,-60,-68,-77,-71,-32,-28,-31,-48,-6,-67,-22,-38,11,-11,-11,-25,17,14,33,33,38,12,13,5,5,16,11,12,147,38,164,147,172,163,169,168,179,171,161,164,167,157,185,183,161,179,183,183,193,161,178,128,221,199,211,190,254,245,297,268,308,278,314,283,458,480,825,801,1154,1118,1137,1133,1120,1016,1162,1013,1341,1350,1035,960,827,775,627,564,2792,2570,1877,1731,1187,1168,3916,4452,4133,1407,4133,3022,2871,576,4133,2938,2143,1885,1702,962,6103,6103,5791,5569,5612,5587]} 1. Nf3 Nf6 2. c4 e6 3. Nc3 b6 4. a3 (4. g3 Bb7 5. Bg2 Bb4 6. Qc2 O-O 7. O-O d5 8. cxd5 exd5 9. d4 Re8 10. Bf4 c6 11. a3 Bxc3 12. bxc3 Nbd7 13. Rfe1 h6 14. Nd2 Nh5 15. Be3 Nhf6 16. a4 Ng4 {½-½ (93) Ivanchuk,V (2728)-Harikrishna,P (2755) Danzhou 2016}) 4... Be7 5. g3 Bb7 6. Bg2 {A17: English Opening: 1...Nf6 with ...Bb4} O-O 7. O-O c5 8. Qc2 $146 {The position is equal.} ({Predecessor:} 8. d4 cxd4 9. Nxd4 Bxg2 10. Kxg2 d5 11. cxd5 Nxd5 12. Ndb5 Nxc3 13. Qxd8 Rxd8 14. Nc7 Nd5 15. Nxa8 Na6 16. Nxb6 Nxb6 17. Be3 Bf6 18. Rad1 {½-½ (50) Edel,J-Hennecke,U Hassloch 1998}) 8... Nc6 9. Rd1 Rc8 10. d3 d5 11. e4 d4 12. Ne2 Nd7 13. h4 Nde5 14. Nh2 Nd7 15. Nf4 (15. Nf3 $11) 15... Bd6 $15 16. Nh3 e5 17. Qe2 a6 18. Bd2 b5 19. b3 bxc4 20. bxc4 Rb8 21. Rab1 Bc8 22. Ng5 (22. f4 $11) 22... Qc7 23. Ng4 ({Much weaker is} 23. Qh5 h6 $17) 23... Nd8 24. Bh3 f6 25. Nf3 Rf7 26. h5 Nf8 27. Nh4 Nc6 28. Kg2 Ne7 29. Nh2 Rxb1 30. Rxb1 Bxh3+ 31. Kxh3 f5 (31... Qd7+ $11 32. Kg2 Bc7) 32. N2f3 ({Better is} 32. exf5 $16 {Hoping for N2f3.} Nxf5 33. N4f3) 32... h6 (32... f4 $1 $14) 33. Kg2 $18 Qc6 34. exf5 Nxf5 35. Nxf5 Rxf5 36. Qe4 $1 {[%cal Re4c6]} Qxe4 37. dxe4 Rf6 38. Rb7 $1 Re6 39. Nh4 {And now Nf5 would win.} Nh7 40. Nf5 Bf8 41. f3 Nf6 42. g4 Ne8 43. Kg3 Nd6 (43... g6 $16 {might work better.}) 44. Nxd6 Rxd6 {[%mdl 4096] Endgame KRB-KRB} 45. f4 $1 exf4+ (45... Re6 $142 46. Kf3 Rf6) 46. Bxf4 Rd8 {[#]} 47. e5 $1 {[%cal Be4e5,Be5e6,Be6e7][%mdl 32]} d3 {Threatens to win with ...d2.} 48. Bd2 Rd4 49. Kf3 Rxc4 $2 {[#]} (49... a5 50. e6 Bd6) 50. e6 $1 {Threatening mate with Rb8.White is clearly winning.} Bd6 (50... Kh7 $142 51. e7 Bxe7) 51. Rd7 {Rd8+ would kill now.} Rd4 52. Rd8+ Kh7 53. Bc3 d2 {[#]} 54. Bxd2 $1 {[%mdl 512]} Rxd2 {[#]} 55. e7 $1 {[%cal Re7e8][%mdl 512]} Bxe7 56. Rxd2 {KR-KB} c4 57. Ra2 c3 58. Ke2 Kg8 59. Kd3 Bf6 60. Re2 Kf7 61. Re4 Bd8 62. Kxc3 Kf6 63. Kd3 a5 64. Ke3 (64. Rd4 $142 Be7 65. a4) 64... Be7 65. Ra4 Bd8 66. Ke4 (66. Rc4 $142 Kg5 67. Kf3) 66... Kg5 67. Kf3 Kf6 68. Rc4 Be7 69. Rc6+ Ke5 70. Ra6 Bd8 71. Ra7 Kf6 72. Kf4 {Precision: White = 57%, Black = 42%.} 1-0